logo

Bir Sreshtho Munshi Abdur Rouf Library
Jhenaidah Cadet College

Politics of central Asia / (Record no. 9241)

MARC details
000 -LEADER
fixed length control field 00796nam a2200277 i 4500
001 - CONTROL NUMBER
JCCL Control Number 9241
003 - CONTROL NUMBER IDENTIFIER
JCCL marc code BD-JhCC
005 - DATE AND TIME OF LATEST TRANSACTION
control field 20180312110603.0
008 - FIXED-LENGTH DATA ELEMENTS--GENERAL INFORMATION
fixed length control field 750422s1974 enkb b 001 0 eng
020 ## - INTERNATIONAL STANDARD BOOK NUMBER
International Standard Book Number 070070048X :
Terms of availability $3.00
035 ## - SYSTEM CONTROL NUMBER
system control number (BD-JhCC)9241
040 ## - CATALOGING SOURCE
Original cataloging agency DLC
Transcribing agency DLC
Modifying agency DLC
-- BD-JhCC
041 ## - LANGUAGE CODE
Language code of Book eng
050 00 - LIBRARY OF CONGRESS CALL NUMBER
Classification number DS786
Item number .R28 1974b
082 00 - DEWEY DECIMAL CLASSIFICATION NUMBER
Classification number 320.9/5
Author mark and Year RAH 1974
100 1# - MAIN ENTRY--PERSONAL NAME
Personal name Rahul, Ram.
245 10 - TITLE STATEMENT
Title Politics of central Asia /
Statement of responsibility, etc [by] Ram Rahul.
260 ## - PUBLICATION, DISTRIBUTION, ETC. (IMPRINT)
Place of publication, distribution, etc London :
Name of publisher, distributor, etc Curzon Press,
Date of publication, distribution, etc 1974.
300 ## - PHYSICAL DESCRIPTION
Pagination [2], ix, 185 p. :
Other physical details map (on lining papers) ;
Dimensions 22 cm.
500 ## - GENERAL NOTE
General note Includes index.
504 ## - BIBLIOGRAPHY, ETC. NOTE
Bibliography, etc Bibliography: p. [179]-181.
651 #0 - SUBJECT ADDED ENTRY--GEOGRAPHIC NAME
Geographic name Asia, Central
General subdivision Politics and government.
651 #0 - SUBJECT ADDED ENTRY--GEOGRAPHIC NAME
Geographic name Asia, Central
General subdivision Foreign relations.
942 ## - ADDED ENTRY ELEMENTS (KOHA)
Source of classification or shelving scheme Dewey Decimal Classification
Koha item type Books
Holdings
Source of classification or shelving scheme Damaged status Not for loan Home library Current library Shelving location Total Checkouts Full call number Barcode Date last seen Copy number Koha item type
Dewey Decimal Classification     JCC Rouf Library JCC Rouf Library General Stacks   320.9/5 RAH 1974 12377 03/12/2018 C - 1 Books
Dewey Decimal Classification     JCC Rouf Library JCC Rouf Library General Stacks   320.9/5 RAH 1974 12376 03/12/2018 C - 2 Books

JCC Library | Contacts | JCC Home

Last Update on 23 September 2017
Copyright @ 2017-2020 JCC Rouf Library
Rouf Library, Jhenidah Cadet College (JCC), Bangladesh